00623nam a2200181Ia 4500001001000000003000500010008004100015010001100056040000900067100003400076245013900110260006500249300001000314440003600324650002600360650002700386700002800413Para_1688CHAP220125s1993 xx 000 0 und d a200306 cCHAP aGarcía González, Fabián aPrincipales enférmedades del nogal pecanero (Carya illinoensis Koch) /c por Fabián García González y Cecilio Mendoza Zamora aChapingo, Méx. :b UACh. Dpto. Parasitología Agrícola a27 p. aSeríe protección vegetal; 2 aNogal x enfermedades aPecan x enfermedades  aMendoza Zamora, Cecilio